The future of private finance initiative and public private partnership (Record no. 112466)
[ view plain ]
| 000 -LEADER | |
|---|---|
| fixed length control field | 01262cad a22002415a 4500 |
| 001 - CONTROL NUMBER | |
| control field | L153313 |
| 008 - FIXED-LENGTH DATA ELEMENTS--GENERAL INFORMATION | |
| fixed length control field | 110708s2011 xxk 000 0 eng d |
| 020 ## - INTERNATIONAL STANDARD BOOK NUMBER | |
| International Standard Book Number | 9781842196908 |
| 035 ## - SYSTEM CONTROL NUMBER | |
| System control number | (Sirsi) u153313 |
| 041 0# - LANGUAGE CODE | |
| Language code of text/sound track or separate title | eng |
| 050 04 - LIBRARY OF CONGRESS CALL NUMBER | |
| Classification number | 336.1 $2 20 |
| 110 2# - MAIN ENTRY--CORPORATE NAME | |
| Corporate name or jurisdiction name as entry element | Royal Institution of Chartered Surveyors |
| 9 (RLIN) | 4900 |
| 245 04 - TITLE STATEMENT | |
| Title | The future of private finance initiative and public private partnership |
| Medium | [electronic resource] |
| 260 ## - PUBLICATION, DISTRIBUTION, ETC. | |
| Place of publication, distribution, etc. | Coventry |
| Name of publisher, distributor, etc. | RICS |
| Date of publication, distribution, etc. | 2011 |
| 490 ## - SERIES STATEMENT | |
| Series statement | RICS Research Paper Series |
| 520 ## - SUMMARY, ETC. | |
| Summary, etc. | This report presents a timely and credible evidence base to enable RICS to inform and guide members and other key stakeholder groupings on the challenges and opportunities afforded by PPPs. The key findings from the report are presented under a series of thematic headings and reflect the views and experiences of a diverse range of key stakeholder groupings across five key PPP markets namely Australia, Canada, India, the UK and the US. |
| 650 24 - SUBJECT ADDED ENTRY--TOPICAL TERM | |
| Topical term or geographic name entry element | PUBLIC PRIVATE PARTNERSHIPS |
| 650 24 - SUBJECT ADDED ENTRY--TOPICAL TERM | |
| Topical term or geographic name entry element | PRIVATE FINANCE INITIATIVE |
| 651 #4 - SUBJECT ADDED ENTRY--GEOGRAPHIC NAME | |
| Geographic name | England and Wales |
| Chronological subdivision | 1543- |
| 690 ## - LOCAL SUBJECT ADDED ENTRY--TOPICAL TERM (OCLC, RLIN) | |
| Topical term or geographic name as entry element | PROPERTY-PROPERTY FINANCE AND INVESTMENT |
| 856 40 - ELECTRONIC LOCATION AND ACCESS | |
| Uniform Resource Identifier | <a href="https://www.rics.org/Global/PPI_PPP_010713_dwl_aj.pdf">https://www.rics.org/Global/PPI_PPP_010713_dwl_aj.pdf</a> |
| Public note | View for free online at www.rics.org. |
| 942 ## - ADDED ENTRY ELEMENTS (KOHA) | |
| Suppress in OPAC | 0 |
| Withdrawn status | Lost status | Source of classification or shelving scheme | Damaged status | Not for loan | Home library | Current library | Shelving location | Date acquired | Total Checkouts | Full call number | Barcode | Date last seen | Copy number | Price effective from | Koha item type |
|---|---|---|---|---|---|---|---|---|---|---|---|---|---|---|---|
| Dewey Decimal Classification | Archives | Archives | Archive copy | 07/03/2012 | RICS 2011/31 | 30077316 | 06/08/2019 | 1 | 06/08/2019 | Archive | |||||
| Dewey Decimal Classification | London | London | Books | 07/03/2012 | RICS 2011/31 | 30077309 | 06/08/2019 | 1 | 06/08/2019 | Book | |||||
| Dewey Decimal Classification | London | London | Books | 07/03/2012 | RICS 2011/31 | 30077305 | 06/08/2019 | 2 | 06/08/2019 | Book | |||||
| Dewey Decimal Classification | Virtual | Virtual | Online | 08/07/2011 | RICS 2011/31 | 153313-2001 | 06/08/2019 | 1 | 06/08/2019 | Book |